La organización del currículum por proyectos de trabajo: el conocimiento es un calidoscopio
Salvato in:
| Autori principali: | , |
|---|---|
| Natura: | Libro |
| Lingua: | spagnolo |
| Pubblicazione: |
Barcelona
Grao
1997
|
| Edizione: | 6a. ed |
| Serie: | Materiales para la innovación educativa, 6
|
| Soggetti: | |
| Tags: |
Aggiungi Tag
Nessun Tag, puoi essere il primo ad aggiungerne!!
|
MARC
| LEADER | 00000nam a2200000 a 4500 | ||
|---|---|---|---|
| 001 | UCH6799 | ||
| 003 | CL-VaPUC | ||
| 008 | 091109e19970000SP |||||||||||||||||spa|d | ||
| 020 | |a 847827054X | ||
| 082 | 0 | 4 | |a 375.001 |b HER |2 21 |
| 100 | |a Hernández-Hernández, Fernando |9 814247 | ||
| 700 | 0 | |a Ventura, Monserrat |e author |9 543404 | |
| 245 | 1 | 3 | |a La organización del currículum por proyectos de trabajo: el conocimiento es un calidoscopio |
| 250 | |a 6a. ed | ||
| 300 | |a 179 p | ||
| 942 | |c BK | ||
| 945 | |d 20091109 00:00:00 |a lazolas | ||
| 260 | |a Barcelona |b Grao |c 1997 | ||
| 650 | 0 | |a Currículo |9 307290 | |
| 650 | 7 | |a TEORIA |2 CL-VaPUC |9 543405 | |
| 650 | 0 | |a Proyectos |9 337967 | |
| 650 | 0 | |a Educación |9 258661 | |
| 650 | 0 | |a Información |9 256927 | |
| 650 | 7 | |a ESCUELA |2 CL-VaPUC |9 347989 | |
| 583 | |a last modification |c 20091109 00:00:00 |k Rodrigo Vera | ||
| 490 | 0 | |a Materiales para la innovación educativa, 6 | |
| 999 | |c 337623 |d 337621 | ||